| 000 | 00800nam a2200265 4500 | ||
|---|---|---|---|
| 999 |
_c2839 _d2839 |
||
| 006 | a||||go||d| 00| 0 | ||
| 007 | cr ||||||||||| | ||
| 008 | 861201s1998 enka o 001 0 eng d | ||
| 020 |
_a9780750641333 _c(ebook) |
||
| 040 |
_aKO _beng |
||
| 044 | _aenk | ||
| 082 | 0 | 4 | _223 |
| 100 | 1 |
_aSchneekluth, H. _q(Herbert), _d1921- |
|
| 245 | 1 | 0 |
_aShip design for efficiency and economy / _cH. Schneekluth and V. Bertram. |
| 250 | _a2nd ed. | ||
| 260 |
_aOxford ; _aBoston : _bButterworth-Heinemann, _c1998. |
||
| 300 | _a1 online resource | ||
| 504 | _aIncludes bibliographical references and index. | ||
| 650 | 0 | _aNaval architecture. | |
| 700 | 1 |
_aBertram, Volker. _eaut |
|
| 856 | 4 | 0 | _uhttps://www.sciencedirect.com/science/book/9780750641333 |
| 904 | _aA_BOSE | ||
| 942 | _cEB | ||